000 00714cam a22002411 4500
001 sa 68014047
003 DLC
005 20260227112628.0
008 941108s1968 ii abc 000 0 gujo
010 _asa 68014047
025 _aPL480:I-Gu-1160
035 _a(OCoLC)31426047
040 _aDLC
_cCU
_dCU
_dDLC
042 _apremarc
050 0 0 _aQE501
_b.V37
100 1 _aVasu, Vijayshanker Murarji,
_d1909-
245 1 0 _aPṛthvī darśana.
260 _c[1968]
300 _a245 p.
_billus., maps, ports.
_c25 cm.
440 0 _aSardar Vallabhai Vidyapeeth, Vallabh Vidyanagar, India. Jñānagaṅgotrī granthaśreṇī. Vijñāna vidyāśākhā;
_v2
500 _aIn Gujarati.
650 0 _aGeophysics.
999 _c85530
_d85530